书目信息 |
| 题名: |
大学生涯导论
|
|
| 作者: | 邹放鸣 , 赵跃民 主编 | |
| 分册: | ||
| 出版信息: | 徐州 中国矿业大学出版社 2004 |
|
| 页数: | 410页 | |
| 开本: | 24cm | |
| 丛书名: | ||
| 单 册: | ||
| 中图分类: | G641.6 , G647.38 | |
| 科图分类: | ||
| 主题词: | 大学生--思想修养 , 大学生--就业 | |
| 电子资源: | ||
| ISBN: | 7-81070-822-8 | |
| 000 | 00898nam0 2200253 450 | |
| 001 | 0134935327 | |
| 005 | 20050609085521.52 | |
| 010 | @a7-81070-822-8@dCNY 25.00 | |
| 100 | @a20050312d2004 km y0chiy0120 ea | |
| 101 | 0 | @achi |
| 102 | @aCN@b320000 | |
| 105 | @ay z 000yy | |
| 200 | 1 | @a大学生涯导论@Ada xue sheng ya dao lun@f邹放鸣,赵跃民主编@Fzou fang ming,zhao yue min zhu bian |
| 210 | @a徐州@c中国矿业大学出版社@d2004 | |
| 215 | @a410页@d24cm | |
| 330 | @a本书分大学篇、自我篇、读书篇、修身篇、素质篇、成才篇等6个部分,供给12章。书中回答了什么是大学的精神和大学的制度,大学生应如何正确认识自我、如何适应大学的学习生活等问题。 | |
| 606 | 0 | @a大学生@x思想修养 |
| 606 | 0 | @a大学生@x就业 |
| 690 | @aG641.6 @v4 | |
| 690 | @aG647.38 @v4 | |
| 701 | 0 | @a邹放鸣@Azou fang ming@4主编 |
| 701 | 0 | @a赵跃民@Azhao yue min@4主编 |
| 801 | 0 | @aCN@bRULIN@c20050609 |
| 905 | @a10447@dG641.6@eZ966 | |
| 大学生涯导论/邹放鸣,赵跃民主编.-徐州:中国矿业大学出版社,2004 |
| 410页;24cm |
| ISBN 7-81070-822-8:CNY 25.00 |
| 本书分大学篇、自我篇、读书篇、修身篇、素质篇、成才篇等6个部分,供给12章。书中回答了什么是大学的精神和大学的制度,大学生应如何正确认识自我、如何适应大学的学习生活等问题。 |
| ● |
| 相关链接 |
|
|
|
正题名:大学生涯导论
索取号:G641.6/Z966
 
预约/预借
| 序号 | 登录号 | 条形码 | 馆藏地/架位号 | 状态 | 备注 |
| 1 | 499980 | 204999804 | 社科二线422/422社科库 32排3列4层/ [索取号:G641.6/Z966] | 在馆 | |
| 2 | 499981 | 204999813 | 社科二线422/422社科库 32排3列4层/ [索取号:G641.6/Z966] | 在馆 | |
| 3 | 499982 | 204999822 | 社科二线422/422社科库 32排3列4层/ [索取号:G641.6/Z966] | 在馆 | |
| 4 | 499983 | 204999831 | 社科库409/409社科库 10排4列2层/ [索取号:G641.6/Z966] | 在馆 | |
| 5 | 499984 | 204999840 | 社科库409/409社科库 10排4列2层/ [索取号:G641.6/Z966] | 在馆 |